[Event "2020 Australian Chess Championship"]
[Site "Sydney, Australia"]
[Date "2020.01.11"]
[Round "9.2"]
[White "McClymont, Brodie"]
[Black "Puccini, Jack"]
[Result "0-1"]
[WhiteElo "2421"]
[BlackElo "2265"]

1. e4 {[%clk 01:30:57]} {[%emt 00:00:02]} d5 {[%clk 01:30:07]} {[%emt
00:00:54]} 2. exd5 {[%clk 01:31:22]} {[%emt 00:00:06]} Qxd5 {[%clk 01:30:31]}
{[%emt 00:00:05]} 3. Nc3 {[%clk 01:31:37]} {[%emt 00:00:15]} Qd8 {[%clk
01:30:56]} {[%emt 00:00:05]} 4. d4 {[%clk 01:31:58]} {[%emt 00:00:08]} Nf6
{[%clk 01:31:16]} {[%emt 00:00:11]} 5. h3 {[%clk 01:23:27]} {[%emt 00:09:01]}
g6 {[%clk 01:29:04]} {[%emt 00:02:42]} 6. Nf3 {[%clk 01:22:23]} {[%emt
00:01:33]} Bg7 {[%clk 01:29:23]} {[%emt 00:00:12]} 7. Bc4 {[%clk 01:20:57]}
{[%emt 00:01:57]} O-O {[%clk 01:29:31]} {[%emt 00:00:22]} 8. O-O {[%clk
01:21:19]} {[%emt 00:00:07]} a6 {[%clk 01:29:37]} {[%emt 00:00:25]} 9. a4
{[%clk 01:21:42]} {[%emt 00:00:06]} b6 {[%clk 01:29:18]} {[%emt 00:00:49]} 10.
Re1 {[%clk 01:21:39]} {[%emt 00:00:32]} Bb7 {[%clk 01:29:35]} {[%emt 00:00:15]}
11. Bg5 {[%clk 01:18:50]} {[%emt 00:03:18]} Nc6 {[%clk 01:25:20]} {[%emt
00:04:45]} 12. Qd2 {[%clk 01:01:46]} {[%emt 00:17:34]} Qd6 {[%clk 01:15:47]}
{[%emt 00:10:03]} 13. d5 {[%clk 00:35:46]} {[%emt 00:26:31]} Na5 {[%clk
01:04:02]} {[%emt 00:12:14]} 14. Ba2 {[%clk 00:36:09]} {[%emt 00:00:07]} Qb4
{[%clk 00:54:46]} {[%emt 00:09:46]} 15. Rab1 {[%clk 00:35:55]} {[%emt
00:00:44]} Rad8 {[%clk 00:50:20]} {[%emt 00:04:56]} 16. Qf4 {[%clk 00:33:25]}
{[%emt 00:03:00]} Qxf4 {[%clk 00:24:03]} {[%emt 00:26:48]} 17. Bxf4 {[%clk
00:33:51]} {[%emt 00:00:03]} Nxd5 {[%clk 00:22:45]} {[%emt 00:01:48]} 18. Nxd5
{[%clk 00:34:06]} {[%emt 00:00:16]} Bxd5 {[%clk 00:23:03]} {[%emt 00:00:12]} 19.
Bxd5 {[%clk 00:34:32]} {[%emt 00:00:04]} Rxd5 {[%clk 00:23:25]} {[%emt
00:00:08]} 20. Rxe7 {[%clk 00:33:35]} {[%emt 00:01:27]} Nc4 {[%clk 00:21:01]}
{[%emt 00:02:54]} 21. c3 {[%clk 00:29:54]} {[%emt 00:04:12]} c5 {[%clk
00:18:07]} {[%emt 00:03:24]} 22. Ra7 {[%emt 00:08:51]} h6 {[%emt 00:05:29]} 23.
b3 {[%clk 00:21:05]} {[%emt 00:00:10]} Na5 {[%clk 00:12:57]} {[%emt 00:01:28]}
24. Rxa6 {[%clk 00:21:20]} {[%emt 00:00:15]} g5 {[%clk 00:11:24]} {[%emt
00:02:03]} 25. Bd2 {[%clk 00:21:10]} {[%emt 00:00:40]} Rfd8 {[%clk 00:11:36]}
{[%emt 00:00:19]} 26. Rxb6 {[%clk 00:14:36]} {[%emt 00:07:04]} Rxd2 {[%clk
00:11:31]} {[%emt 00:00:35]} 27. Nxd2 {[%clk 00:15:03]} {[%emt 00:00:04]} Rxd2
{[%clk 00:11:55]} {[%emt 00:00:05]} 28. b4 {[%emt 00:04:06]} cxb4 {[%clk
00:09:39]} {[%emt 00:00:11]} 29. cxb4 {[%emt 00:00:24]} Nc4 {[%emt 00:01:13]}
30. Rc6 {[%clk 00:13:44]} {[%emt 00:00:03]} Na3 {[%clk 00:08:54]} {[%emt
00:01:23]} 31. Rb3 {[%clk 00:11:22]} {[%emt 00:02:51]} Nc2 {[%clk 00:09:16]}
{[%emt 00:00:08]} 32. Rc8+ {[%clk 00:07:38]} {[%emt 00:04:15]} Kh7 {[%clk
00:09:21]} {[%emt 00:00:26]} 33. g3 {[%clk 00:07:48]} {[%emt 00:00:20]} Bd4
{[%clk 00:04:36]} {[%emt 00:05:14]} 34. Rf3 {[%clk 00:08:02]} {[%emt 00:00:15]}
f6 {[%clk 00:04:08]} {[%emt 00:00:59]} 35. b5 {[%clk 00:06:44]} {[%emt
00:01:48]} Ne1 {[%clk 00:03:42]} {[%emt 00:00:56]} 36. Rf5 {[%clk 00:07:11]}
{[%emt 00:00:04]} Kg6 {[%clk 00:04:02]} {[%emt 00:00:10]} 37. g4 {[%clk
00:07:20]} {[%emt 00:00:21]} Nd3 {[%clk 00:04:21]} {[%emt 00:00:11]} 38. a5
{[%clk 00:05:19]} {[%emt 00:02:32]} Nf4 {[%clk 00:04:06]} {[%emt 00:00:45]} 39.
b6 {[%clk 00:04:11]} {[%emt 00:01:37]} Bxf2+ {[%clk 00:01:25]} {[%emt
00:03:11]} 40. Kf1 {[%clk 00:04:24]} {[%emt 00:00:17]} Bg3 {[%clk 00:00:39]}
{[%emt 00:01:16]} 41. Rxf4 {[%clk 00:03:38]} {[%emt 00:01:04]} gxf4 42. Rc3
{[%emt 00:15:14]} Rf2+ {[%clk 00:17:04]} {[%emt 00:00:04]} 43. Kg1 {[%emt
00:01:41]} Rb2 {[%emt 00:06:06]} 44. Kf1 {[%clk 00:27:41]} {[%emt 00:00:04]}
Bf2 {[%clk 00:09:41]} {[%emt 00:07:30]} 45. Ra3 {[%emt 00:04:01]} Kg5 {[%emt
00:03:07]} 46. b7 {[%emt 00:01:33]} Ba7 {[%clk 00:05:38]} {[%emt 00:00:18]} 47.
a6 {[%emt 00:01:03]} f5 {[%clk 00:04:45]} {[%emt 00:00:24]} 48. gxf5 {[%clk
00:25:07]} {[%emt 00:00:34]} Kxf5 {[%clk 00:05:06]} {[%emt 00:00:10]} 49. Ke1
{[%clk 00:25:03]} {[%emt 00:00:34]} Ke4 {[%clk 00:05:03]} {[%emt 00:00:33]} 50.
Ra4+ {[%clk 00:25:16]} {[%emt 00:00:17]} Kf3 {[%clk 00:05:02]} {[%emt
00:00:30]} 0-1

[Event "2020 Australian Chess Championship"]
[Site "Sydney, Australia"]
[Date "2020.01.11"]
[Round "9.4"]
[White "Clarke, Brandon G I"]
[Black "Wallis, Christopher"]
[Result "1-0"]
[WhiteElo "2438"]
[BlackElo "2322"]

1. e4 {[%clk 01:28:53]} {[%emt 00:02:00]} e6 {[%clk 01:30:53]} {[%emt
00:00:13]} 2. d4 {[%clk 01:28:36]} {[%emt 00:00:47]} d5 {[%clk 01:31:16]}
{[%emt 00:00:07]} 3. Nc3 {[%clk 01:28:48]} {[%emt 00:00:19]} Nf6 {[%clk
01:31:33]} {[%emt 00:00:12]} 4. e5 {[%clk 01:29:14]} {[%emt 00:00:04]} Nfd7
{[%clk 01:31:55]} {[%emt 00:00:08]} 5. f4 {[%clk 01:29:40]} {[%emt 00:00:05]}
c5 {[%clk 01:32:46]} {[%emt 00:00:08]} 6. Nf3 {[%clk 01:30:31]} {[%emt
00:00:08]} Nc6 {[%clk 01:33:09]} {[%emt 00:00:07]} 7. Be3 {[%clk 01:30:53]}
{[%emt 00:00:09]} a6 {[%clk 01:33:26]} {[%emt 00:00:12]} 8. Qd2 {[%clk
01:31:19]} {[%emt 00:00:05]} b5 {[%clk 01:33:45]} {[%emt 00:00:10]} 9. Nd1
{[%clk 01:31:25]} {[%emt 00:00:24]} Bb7 {[%clk 01:29:51]} {[%emt 00:04:24]} 10.
Be2 {[%clk 01:26:30]} {[%emt 00:05:25]} Be7 {[%clk 01:27:06]} {[%emt 00:03:15]}
11. O-O {[%clk 01:25:34]} {[%emt 00:01:28]} O-O {[%clk 01:27:27]} {[%emt
00:00:08]} 12. c3 {[%clk 01:25:06]} {[%emt 00:00:59]} Rc8 {[%clk 01:24:03]}
{[%emt 00:03:52]} 13. Bf2 {[%clk 01:23:23]} {[%emt 00:02:14]} f6 {[%clk
01:05:01]} {[%emt 00:19:32]} 14. Ne3 {[%clk 01:20:18]} {[%emt 00:03:35]} fxe5
{[%clk 01:04:49]} {[%emt 00:00:42]} 15. fxe5 {[%clk 01:20:29]} {[%emt
00:00:20]} Kh8 {[%clk 00:57:12]} {[%emt 00:08:07]} 16. g3 {[%clk 01:16:33]}
{[%emt 00:04:26]} Nb6 {[%clk 00:53:01]} {[%emt 00:04:40]} 17. b3 {[%clk
01:05:04]} {[%emt 00:12:00]} b4 {[%clk 00:44:10]} {[%emt 00:13:10]} 18. cxb4
{[%clk 01:05:08]} cxd4 {[%clk 00:42:45]} 19. Nc2 {[%clk 01:04:55]} d3 {[%clk
00:32:20]} {[%emt 00:10:11]} 20. Qxd3 {[%clk 01:04:51]} {[%emt 00:00:34]} Nxb4
{[%clk 00:23:07]} {[%emt 00:09:42]} 21. Nxb4 {[%clk 01:05:20]} {[%emt
00:00:03]} Bxb4 {[%clk 00:23:26]} {[%emt 00:00:10]} 22. Qd4 {[%clk 01:04:30]}
{[%emt 00:01:20]} Bc5 {[%clk 00:22:21]} {[%emt 00:01:34]} 23. Qxc5 {[%clk
01:04:30]} {[%emt 00:00:31]} Rxc5 {[%clk 00:22:33]} {[%emt 00:00:18]} 24. Bxc5
{[%clk 01:04:58]} {[%emt 00:00:03]} Nd7 {[%clk 00:21:10]} {[%emt 00:09:37]} 25.
Bxf8 Qxf8 {[%clk 00:20:21]} 26. Rac1 {[%clk 01:04:38]} Qd8 {[%clk 00:17:55]} 27.
h4 {[%clk 01:01:36]} {[%emt 00:02:19]} h6 {[%clk 00:17:36]} 28. Kh2 {[%clk
01:00:31]} {[%emt 00:01:26]} Qb6 {[%clk 00:16:13]} {[%emt 00:01:52]} 29. Bd3
{[%clk 00:58:05]} {[%emt 00:02:58]} Qe3 {[%clk 00:12:42]} {[%emt 00:03:59]} 30.
Bg6 {[%clk 00:57:26]} {[%emt 00:01:09]} Qe2+ {[%clk 00:12:08]} {[%emt
00:01:04]} 31. Kh3 {[%clk 00:56:20]} {[%emt 00:01:36]} d4 {[%clk 00:12:11]}
{[%emt 00:00:27]} 32. h5 {[%clk 00:55:18]} {[%emt 00:01:32]} Kg8 {[%clk
00:08:48]} {[%emt 00:03:53]} 33. Bf7+ {[%clk 00:50:49]} {[%emt 00:05:00]} Kh7
{[%clk 00:05:16]} {[%emt 00:04:02]} 34. Rce1 {[%clk 00:39:31]} {[%emt
00:11:48]} Bxf3 {[%clk 00:05:07]} {[%emt 00:00:40]} 35. Rxe2 {[%clk 00:39:57]}
{[%emt 00:00:03]} Bxe2 {[%clk 00:05:30]} {[%emt 00:00:06]} 36. Bg6+ {[%clk
00:39:59]} {[%emt 00:00:28]} Kg8 {[%clk 00:04:58]} {[%emt 00:01:02]} 37. Rc1
{[%clk 00:40:28]} {[%emt 00:00:02]} d3 {[%clk 00:04:31]} {[%emt 00:00:57]} 38.
Rc8+ {[%clk 00:40:42]} {[%emt 00:00:16]} Nf8 {[%clk 00:04:57]} {[%emt
00:00:04]} 39. Rd8 {[%clk 00:41:02]} {[%emt 00:00:10]} 1-0

[Event "2020 Australian Chess Championship"]
[Site "Sydney, Australia"]
[Date "2020.01.11"]
[Round "9.5"]
[White "Kargosha, Bahman"]
[Black "Bjelobrk, Igor"]
[Result "0-1"]
[WhiteElo "2101"]
[BlackElo "2403"]

1. d4 {[%clk 01:30:57]} Nf6 {[%clk 01:25:26]} {[%emt 00:04:58]} 2. c4 {[%clk
01:31:17]} {[%emt 00:00:08]} e6 {[%clk 01:25:50]} {[%emt 00:00:06]} 3. Nc3
{[%clk 01:31:34]} {[%emt 00:00:12]} Bb4 {[%clk 01:26:15]} {[%emt 00:00:06]} 4.
e3 {[%clk 01:31:51]} {[%emt 00:00:15]} O-O {[%clk 01:26:38]} {[%emt 00:00:06]}
5. Bd3 {[%clk 01:32:10]} {[%emt 00:17:52]} c5 {[%clk 01:26:52]} 6. Nf3 {[%clk
01:32:16]} b6 {[%clk 01:27:08]} 7. O-O {[%clk 01:27:19]} Bb7 {[%clk 01:27:19]}
8. Bd2 {[%clk 01:23:29]} cxd4 9. exd4 {[%clk 01:22:25]} d5 {[%clk 01:27:39]} 10.
Re1 {[%clk 01:11:41]} {[%emt 00:06:46]} dxc4 {[%clk 01:23:23]} {[%emt
00:04:46]} 11. Bxc4 {[%clk 01:10:44]} {[%emt 00:01:27]} Nc6 {[%clk 01:21:27]}
{[%emt 00:02:26]} 12. a3 {[%clk 01:07:30]} {[%emt 00:03:43]} Bxc3 {[%clk
01:16:26]} {[%emt 00:05:31]} 13. bxc3 {[%clk 01:06:50]} {[%emt 00:01:10]} Na5
{[%clk 01:16:31]} {[%emt 00:00:25]} 14. Bd3 {[%clk 01:06:34]} {[%emt 00:00:45]}
Rc8 {[%clk 01:09:41]} {[%emt 00:07:22]} 15. Ne5 {[%clk 00:56:06]} {[%emt
00:10:58]} Qd5 {[%clk 01:04:21]} {[%emt 00:05:49]} 16. f3 {[%clk 00:54:54]}
{[%emt 00:01:43]} Nd7 {[%clk 00:58:57]} {[%emt 00:05:54]} 17. Rb1 {[%clk
00:43:22]} {[%emt 00:12:38]} Qd6 {[%clk 00:44:45]} {[%emt 00:14:05]} 18. Qc2
{[%clk 00:38:26]} {[%emt 00:05:27]} h6 {[%clk 00:42:23]} {[%emt 00:02:53]} 19.
Qc1 {[%clk 00:17:41]} {[%emt 00:21:14]} Nxe5 {[%clk 00:21:46]} {[%emt
00:21:07]} 20. Rxe5 {[%clk 00:18:01]} {[%emt 00:00:10]} Nc6 {[%clk 00:22:07]}
{[%emt 00:00:09]} 21. Rh5 {[%clk 00:10:02]} {[%emt 00:08:29]} Nxd4 {[%clk
00:22:17]} {[%emt 00:00:20]} 22. Bxh6 {[%clk 00:10:16]} {[%emt 00:00:17]} Nxf3+
{[%clk 00:20:21]} {[%emt 00:02:27]} 23. gxf3 {[%clk 00:06:46]} {[%emt
00:03:59]} Qxd3 {[%clk 00:20:40]} {[%emt 00:00:11]} 24. Bxg7 {[%clk 00:05:24]}
{[%emt 00:01:52]} f6 {[%clk 00:20:09]} {[%emt 00:01:01]} 25. Qh6 {[%clk
00:00:36]} {[%emt 00:05:18]} Qxb1+ {[%clk 00:19:11]} {[%emt 00:01:28]} 26. Kf2
{[%clk 00:00:55]} {[%emt 00:00:12]} Qc2+ {[%clk 00:18:34]} {[%emt 00:01:05]} 27.
Kg3 {[%clk 00:00:47]} {[%emt 00:00:39]} Bxf3 {[%clk 00:17:42]} {[%emt
00:01:23]} 28. Bxf6 {[%clk 00:00:33]} {[%emt 00:00:45]} Qg2+ {[%clk 00:17:29]}
{[%emt 00:00:42]} 29. Kf4 {[%clk 00:01:01]} {[%emt 00:00:02]} Rc4+ {[%clk
00:17:05]} {[%emt 00:00:54]} 30. Ke5 {[%clk 00:00:46]} {[%emt 00:00:44]} Rc5+
{[%clk 00:17:28]} {[%emt 00:00:07]} 0-1

[Event "2020 Australian Chess Championship"]
[Site "Sydney, Australia"]
[Date "2020.01.11"]
[Round "9.6"]
[White "Lo, Willis"]
[Black "Kethro, Michael"]
[Result "0-1"]
[WhiteElo "2108"]
[BlackElo "2093"]

1. c4 {[%clk 01:24:07]} {[%emt 00:24:13]} e6 {[%clk 01:30:32]} 2. g3 {[%clk
01:24:22]} d5 {[%clk 01:30:39]} 3. Bg2 {[%clk 01:24:40]} Nf6 {[%clk 01:30:45]}
4. Nf3 {[%clk 01:24:16]} dxc4 {[%clk 01:30:45]} 5. Qa4+ {[%clk 01:24:21]} c6
{[%clk 01:30:08]} 6. Qxc4 {[%clk 01:24:39]} b5 {[%clk 01:30:24]} 7. Qb3 {[%clk
01:24:22]} Bb7 {[%clk 01:29:38]} 8. O-O {[%clk 01:24:29]} Nbd7 {[%clk
01:25:49]} 9. d4 a6 {[%clk 01:15:55]} {[%emt 00:06:13]} 10. Rd1 {[%clk
01:10:41]} {[%emt 00:13:27]} c5 {[%clk 00:55:49]} {[%emt 00:20:37]} 11. a4
{[%clk 01:05:47]} {[%emt 00:05:24]} c4 {[%clk 00:48:53]} {[%emt 00:07:25]} 12.
Qc2 {[%clk 01:04:57]} {[%emt 00:01:19]} Be7 {[%clk 00:45:46]} {[%emt 00:03:39]}
13. Ne5 {[%clk 00:43:30]} {[%emt 00:21:56]} Bxg2 {[%clk 00:39:31]} {[%emt
00:06:45]} 14. Kxg2 {[%clk 00:43:11]} {[%emt 00:00:49]} Nb6 {[%clk 00:31:59]}
{[%emt 00:15:50]} 15. Nc3 {[%clk 00:35:04]} {[%emt 00:02:20]} b4 {[%clk
00:21:05]} {[%emt 00:09:52]} 16. a5 {[%clk 00:23:45]} {[%emt 00:11:50]} bxc3
{[%clk 00:10:11]} {[%emt 00:11:24]} 17. axb6 {[%clk 00:24:08]} {[%emt
00:00:06]} O-O {[%clk 00:09:38]} {[%emt 00:01:02]} 18. Qxc3 {[%clk 00:21:14]}
{[%emt 00:03:25]} Qxb6 {[%clk 00:07:56]} {[%emt 00:02:13]} 19. Qxc4 {[%clk
00:16:07]} {[%emt 00:05:37]} Rfc8 {[%clk 00:07:31]} {[%emt 00:00:54]} 20. Qd3
{[%clk 00:16:21]} {[%emt 00:00:16]} Nd5 {[%clk 00:04:26]} {[%emt 00:03:36]} 21.
Bd2 {[%clk 00:14:17]} {[%emt 00:02:34]} Bf6 {[%clk 00:04:01]} {[%emt 00:00:55]}
22. Nf3 {[%clk 00:12:48]} {[%emt 00:01:59]} a5 {[%clk 00:02:16]} {[%emt
00:02:15]} 23. e4 {[%clk 00:09:59]} {[%emt 00:03:18]} Nb4 {[%clk 00:02:18]}
{[%emt 00:00:29]} 24. Bxb4 {[%clk 00:10:21]} {[%emt 00:00:08]} Qxb4 {[%clk
00:02:23]} {[%emt 00:00:24]} 25. Qa3 {[%clk 00:10:05]} {[%emt 00:00:46]} Qb7
{[%clk 00:02:24]} {[%emt 00:05:47]} 26. e5 {[%clk 00:03:23]} Be7 {[%clk
00:02:24]} {[%emt 00:02:23]} 27. Qa2 {[%clk 00:03:46]} Rd8 {[%clk 00:01:52]}
{[%emt 00:01:10]} 28. Rac1 {[%clk 00:03:48]} Qe4 {[%clk 00:00:40]} {[%emt
00:02:09]} 29. Qc4 {[%clk 00:02:58]} Rab8 {[%clk 00:00:43]} {[%emt 00:01:48]}
30. Qc7 {[%clk 00:02:44]} Bb4 {[%clk 00:00:36]} {[%emt 00:01:20]} 31. Rc6
{[%clk 00:01:47]} Qd5 {[%clk 00:00:36]} {[%emt 00:01:58]} 32. Rdc1 {[%clk
00:01:49]} g5 {[%clk 00:00:48]} {[%emt 00:00:46]} 33. h3 {[%clk 00:01:14]} h5
{[%clk 00:01:00]} {[%emt 00:01:23]} 34. R6c5 {[%clk 00:00:48]} Bxc5 {[%clk
00:01:00]} 35. Rxc5 {[%clk 00:00:48]} Qe4 {[%clk 00:01:00]} 36. Qe7 {[%clk
00:00:48]} g4 {[%clk 00:01:00]} 37. Qg5+ {[%clk 00:00:48]} Kf8 {[%clk
00:01:00]} 0-1

[Event "2020 Australian Chess Championship"]
[Site "Sydney, Australia"]
[Date "2020.01.11"]
[Round "9.7"]
[White "Zhang, Jilin"]
[Black "Bayaca, Sterling"]
[Result "1-0"]
[WhiteElo "2237"]
[BlackElo "1994"]

1. e4 {[%clk 01:20:01]} {[%emt 00:10:58]} e5 {[%clk 01:30:53]} {[%emt
00:00:06]} 2. Nf3 {[%clk 01:20:15]} {[%emt 00:00:17]} Nc6 {[%clk 01:31:16]}
{[%emt 00:00:06]} 3. Bb5 {[%clk 01:20:34]} {[%emt 00:00:13]} a6 {[%clk
01:31:37]} {[%emt 00:00:08]} 4. Ba4 {[%clk 01:20:54]} {[%emt 00:00:11]} Nf6
{[%clk 01:31:59]} {[%emt 00:00:07]} 5. O-O {[%clk 01:21:15]} {[%emt 00:00:10]}
Be7 {[%clk 01:32:22]} {[%emt 00:00:06]} 6. d3 {[%clk 01:21:21]} {[%emt
00:00:25]} b5 {[%clk 01:31:17]} {[%emt 00:01:34]} 7. Bb3 {[%clk 01:21:42]}
{[%emt 00:00:09]} d6 {[%clk 01:31:38]} {[%emt 00:00:08]} 8. c3 {[%clk
01:21:40]} {[%emt 00:00:33]} O-O {[%clk 01:31:38]} {[%emt 00:00:29]} 9. Re1
{[%clk 01:20:26]} {[%emt 00:01:44]} Nb8 {[%clk 01:28:13]} {[%emt 00:03:55]} 10.
h3 {[%clk 01:19:30]} {[%emt 00:01:26]} Nbd7 {[%clk 01:28:31]} {[%emt 00:00:12]}
11. Be3 {[%clk 01:16:59]} {[%emt 00:03:01]} Bb7 {[%clk 01:27:56]} {[%emt
00:01:05]} 12. Nbd2 {[%clk 01:03:11]} {[%emt 00:14:18]} c5 {[%clk 01:27:50]}
{[%emt 00:00:35]} 13. Nf1 {[%clk 00:58:47]} {[%emt 00:04:54]} d5 {[%clk
01:18:59]} {[%emt 00:09:22]} 14. exd5 {[%clk 00:55:33]} {[%emt 00:03:44]} Nxd5
{[%clk 01:16:10]} {[%emt 00:03:18]} 15. Ng3 {[%clk 00:50:15]} {[%emt 00:05:48]}
Nxe3 {[%clk 01:07:47]} {[%emt 00:08:54]} 16. Rxe3 {[%clk 00:50:28]} {[%emt
00:00:17]} Bf6 {[%clk 01:06:15]} {[%emt 00:02:01]} 17. Nh5 {[%clk 00:48:02]}
{[%emt 00:02:58]} g6 {[%clk 01:03:17]} {[%emt 00:03:28]} 18. Nxf6+ {[%clk
00:46:13]} {[%emt 00:02:19]} Qxf6 {[%clk 01:03:44]} {[%emt 00:00:03]} 19. Qe2
{[%clk 00:46:07]} {[%emt 00:00:37]} Qc6 {[%clk 00:53:18]} {[%emt 00:10:55]} 20.
Re1 {[%clk 00:42:26]} {[%emt 00:04:12]} Rad8 {[%clk 00:49:17]} {[%emt
00:04:31]} 21. Qf1 {[%clk 00:35:37]} {[%emt 00:07:19]} Qd6 {[%clk 00:46:20]}
{[%emt 00:08:55]} 22. Nxe5 {[%clk 00:33:48]} Nxe5 {[%clk 00:44:03]} 23. Rxe5
{[%clk 00:34:11]} Qxd3 {[%clk 00:43:59]} 24. Qxd3 Rxd3 {[%clk 00:44:27]} 25.
Rxc5 {[%clk 00:33:56]} Rd7 {[%clk 00:37:40]} {[%emt 00:06:34]} 26. Rce5 {[%clk
00:33:01]} {[%emt 00:01:24]} Rfd8 {[%clk 00:36:47]} {[%emt 00:01:22]} 27. f3
{[%clk 00:28:25]} {[%emt 00:05:07]} Bd5 {[%clk 00:31:46]} {[%emt 00:05:32]} 28.
Bxd5 {[%clk 00:25:23]} {[%emt 00:03:32]} Rxd5 {[%clk 00:32:14]} {[%emt
00:00:02]} 29. Rxd5 {[%clk 00:25:43]} {[%emt 00:00:10]} Rxd5 {[%clk 00:32:42]}
{[%emt 00:00:02]} 30. Kf2 {[%clk 00:26:04]} {[%emt 00:00:09]} h5 {[%clk
00:30:09]} {[%emt 00:03:03]} 31. Re2 {[%clk 00:20:34]} {[%emt 00:06:01]} h4
{[%clk 00:29:04]} {[%emt 00:01:34]} 32. b3 {[%clk 00:18:55]} {[%emt 00:02:09]}
Kg7 {[%clk 00:26:06]} {[%emt 00:03:28]} 33. Ke3 {[%clk 00:18:10]} {[%emt
00:01:16]} Rd1 {[%clk 00:24:32]} {[%emt 00:02:03]} 34. Rd2 {[%clk 00:16:52]}
{[%emt 00:01:48]} Rc1 {[%clk 00:24:26]} {[%emt 00:00:36]} 35. Kd4 {[%clk
00:17:12]} {[%emt 00:00:10]} Kf6 {[%clk 00:23:47]} {[%emt 00:01:09]} 36. c4
{[%clk 00:17:21]} {[%emt 00:00:22]} bxc4 {[%clk 00:22:59]} {[%emt 00:01:18]} 37.
bxc4 {[%clk 00:17:45]} {[%emt 00:00:06]} Ke6 {[%clk 00:23:05]} {[%emt
00:00:23]} 38. Kc5 {[%clk 00:17:36]} {[%emt 00:00:39]} Ke7 {[%clk 00:21:06]}
{[%emt 00:02:29]} 39. a4 {[%clk 00:13:01]} {[%emt 00:05:06]} a5 {[%clk
00:17:07]} {[%emt 00:04:29]} 40. Kb5 {[%clk 00:12:30]} {[%emt 00:01:01]} Rc3
{[%clk 00:16:24]} {[%emt 00:01:12]} 41. c5 {[%clk 00:12:31]} {[%emt 00:00:29]}
Rc1 {[%clk 00:16:35]} {[%emt 00:00:20]} 42. c6 {[%clk 00:12:46]} {[%emt
00:00:15]} Rc3 {[%clk 00:15:47]} {[%emt 00:01:17]} 43. Kb6 {[%clk 00:13:06]}
{[%emt 00:00:10]} Rc4 {[%clk 00:15:48]} {[%emt 00:00:29]} 44. c7 {[%clk
00:13:22]} {[%emt 00:00:14]} Rb4+ {[%clk 00:12:44]} {[%emt 00:03:34]} 45. Kc5
{[%clk 00:13:43]} {[%emt 00:00:10]} 1-0

[Event "2020 Australian Chess Championship"]
[Site "Sydney, Australia"]
[Date "2020.01.11"]
[Round "9.8"]
[White "Huynh, Arthur"]
[Black "McGowan, Cameron"]
[Result "0-1"]
[WhiteElo "2136"]
[BlackElo "2221"]

1. d4 {[%clk 01:30:57]} {[%emt 00:00:02]} Nf6 {[%clk 01:30:51]} {[%emt
00:00:09]} 2. c4 {[%clk 01:31:13]} {[%emt 00:00:14]} g6 {[%clk 01:31:18]}
{[%emt 00:00:04]} 3. Nc3 {[%clk 01:31:26]} {[%emt 00:00:16]} Bg7 {[%clk
01:31:32]} {[%emt 00:00:15]} 4. Nf3 {[%clk 01:31:41]} {[%emt 00:00:16]} O-O
{[%clk 01:31:53]} {[%emt 00:00:09]} 5. g3 {[%clk 01:32:00]} {[%emt 00:00:10]}
d6 {[%clk 01:32:15]} {[%emt 00:00:08]} 6. Bg2 {[%clk 01:32:16]} {[%emt
00:00:15]} Nbd7 {[%clk 01:32:35]} {[%emt 00:00:10]} 7. O-O {[%clk 01:32:35]}
{[%emt 00:00:11]} e5 {[%clk 01:33:00]} {[%emt 00:00:04]} 8. e4 {[%clk
01:32:52]} {[%emt 00:00:13]} a6 {[%clk 01:33:25]} {[%emt 00:00:05]} 9. Qc2
{[%clk 01:33:12]} {[%emt 00:00:10]} exd4 {[%clk 01:31:31]} {[%emt 00:02:23]} 10.
Nxd4 {[%clk 01:31:32]} {[%emt 00:02:11]} Re8 {[%clk 01:31:51]} {[%emt
00:00:11]} 11. Rd1 {[%clk 01:31:17]} {[%emt 00:00:45]} Rb8 {[%clk 01:28:58]}
{[%emt 00:03:23]} 12. h3 {[%clk 01:31:03]} {[%emt 00:00:44]} Ne5 {[%clk
01:22:49]} {[%emt 00:06:39]} 13. c5 {[%clk 01:30:07]} {[%emt 00:01:26]} Bd7
{[%clk 00:56:00]} {[%emt 00:27:20]} 14. f4 {[%clk 01:10:47]} {[%emt 00:19:50]}
Nc4 {[%clk 00:49:41]} {[%emt 00:06:50]} 15. cxd6 {[%clk 01:09:05]} {[%emt
00:02:11]} cxd6 {[%clk 00:48:56]} {[%emt 00:01:14]} 16. b3 {[%clk 01:08:54]}
{[%emt 00:00:41]} Na5 {[%clk 00:46:36]} {[%emt 00:02:50]} 17. Be3 {[%clk
01:07:27]} {[%emt 00:01:56]} b5 {[%clk 00:38:09]} {[%emt 00:09:37]} 18. Qd3
{[%clk 01:04:28]} {[%emt 00:02:48]} b4 {[%clk 00:31:22]} {[%emt 00:07:18]} 19.
Nce2 {[%clk 01:00:35]} {[%emt 00:04:22]} Nxe4 {[%clk 00:26:29]} {[%emt
00:05:24]} 20. Bxe4 {[%clk 00:59:52]} {[%emt 00:01:14]} Qe7 {[%clk 00:26:58]}
21. Bg2 {[%clk 00:52:26]} {[%emt 00:13:32]} Qxe3+ 22. Qxe3 {[%clk 00:52:47]}
Rxe3 {[%clk 00:27:11]} 23. Rac1 {[%clk 00:53:05]} Bxd4 {[%clk 00:22:38]} {[%emt
00:02:20]} 24. Nxd4 {[%clk 00:53:22]} Rxg3 {[%clk 00:23:03]} 25. Ne2 {[%clk
00:51:48]} {[%emt 00:00:37]} Re3 {[%clk 00:23:04]} {[%emt 00:00:29]} 26. Rxd6
{[%clk 00:50:35]} {[%emt 00:01:43]} Bxh3 {[%clk 00:22:30]} {[%emt 00:01:05]} 27.
Bxh3 {[%clk 00:46:05]} {[%emt 00:05:01]} Rxe2 {[%clk 00:22:30]} {[%emt
00:00:30]} 28. Rxa6 {[%clk 00:36:19]} {[%emt 00:10:15]} Rxa2 {[%clk 00:21:19]}
{[%emt 00:01:41]} 29. Rc7 {[%clk 00:33:03]} {[%emt 00:03:47]} Ra1+ {[%clk
00:21:43]} {[%emt 00:00:06]} 30. Kf2 {[%clk 00:33:02]} {[%emt 00:00:30]} Nxb3
{[%clk 00:21:58]} {[%emt 00:00:14]} 31. Rf6 {[%clk 00:33:02]} {[%emt 00:00:30]}
Ra2+ {[%clk 00:19:01]} {[%emt 00:03:28]} 32. Kg3 {[%clk 00:33:11]} {[%emt
00:00:21]} Rf8 {[%clk 00:17:56]} {[%emt 00:01:36]} 33. Rb6 {[%clk 00:32:19]}
{[%emt 00:01:22]} Ra3 {[%clk 00:15:05]} {[%emt 00:03:22]} 34. Rxb4 {[%clk
00:32:09]} {[%emt 00:00:39]} Nc5+ {[%clk 00:14:52]} {[%emt 00:00:43]} 35. Kh4
{[%clk 00:31:38]} {[%emt 00:01:01]} Na6 {[%clk 00:15:14]} {[%emt 00:00:08]} 36.
Ra7 {[%clk 00:31:41]} {[%emt 00:00:27]} Rxh3+ {[%emt 00:00:17]} 0-1